| 000 | 00567am a2200229a 44500 | ||
|---|---|---|---|
| 003 | AR-BaBNM | ||
| 005 | 20251128211153.0 | ||
| 008 | 103020s2002 #AR|||||||||||000 | esp|| | ||
| 020 | _a987-43-5324-4 | ||
| 040 | _cAR-BaBNM | ||
| 100 | 1 | _aMuzzio, Nelly C. | |
| 245 | 1 | 0 |
_aEl sentido de la enseñanza _b¿para qué enseñamos? |
| 250 | _a1ª ed. | ||
| 260 |
_aCastelar _bEl autor _c2002 |
||
| 300 | _a72 p. | ||
| 650 | 4 | _aFINALIDADES DE LA EDUCACION | |
| 650 | 4 | _aETICA | |
| 650 | 4 | _aLENGUAJE | |
| 650 | 4 | _aVALORES MORALES | |
| 942 | _cBK | ||
| 998 | _craquel | ||
| 999 |
_c18560 _d18560 |
||